00655 2200229 4500001002100000005001700021008004100038020001800079035002400097082001100121090002300132100001900155245007400174260002700248300002800275500003100303650003100334850001200365980001800377985000600395999002400401YOGYA-0209000005644220090227034029.0 ind  a979-731-417-0 0010-020900000056442 a912.09 a912.09bYou SlDEP aYOUSMAN, Yeyep aSistem informasi geografis dengan MapInfo professionalcYeyep Yousman aYogyakartabAndic2004 ax, 180 hlmbilusc23 cm aBibliografi : hlm. 179-180 aMapInfo (Program komputer) aYOPDYOG a20 April 2005 a1 a2004-239 h CB-D. 11